000 00902nam a22002297a 4500
999 _c65675
_d65675
005 20240530110837.0
008 191124s2005 ua a f b 000 0 ara d
017 _a2006/10485
_bمصر. دار الكتب
020 _a977305909
040 _aEG-CaGPL
_cEG-CaGPL
082 0 4 _221
_a913.031
_bق / م ح
110 0 _aالمجلس الاعلى للاثار
245 1 0 _aحوليات المجلس الاعلى للاثار /
_cالمجلس الاعلى للاثار
_nالمجلد الثانى 2005
260 _aالقاهرة :
_bالمجلس الاعلى للاثار،
_c2005
300 _a271 ص. :
_bايض. ؛
_c26 سم.
504 _aيشمل على ارجاعات ببليوجرافية
650 0 7 _2qrmak
_aالاثار الفرعونية
650 0 7 _aالفن المصرى القديم
_2qrmak
651 _2qrmak
942 _2ddc
_cBK